Manual de la sucesin̤ por causa de muerte y donaciones entre vivos /

Bibliographic Details
Main Author: Meza Barros, Ramn̤
Format: Book
Language:Spanish
Published: Santiago de Chile : Editorial jurd̕ica de Chile, 2008
Series:Manuales jurd̕icos (Editorial jurd̕ica de Chile); 51
Subjects:
Online Access:Acceso restringido

MARC

LEADER 00000nam a2200000 a 4500
005 20110705131328.0
008 110209s2008 cl |||||| 001 ||spa||
020 |a 9789561018877 
035 |a 5359 
040 |d vLex 
090 |c 2162  |d 2162 
100 1 |a Meza Barros, Ramn̤ 
245 1 0 |a Manual de la sucesin̤ por causa de muerte y donaciones entre vivos /  |c Ramn̤ Meza Barros  |h [Recurso electrn̤ico] 
256 |a Servicio en ln̕ea. 
260 |a Santiago de Chile :  |b Editorial jurd̕ica de Chile,  |c 2008 
300 |a 244 p.;  |c 26 cm 
506 1 |a Contenido solo disponible en los productos indicados  |d vLex Global  |d vLex Global (Academic Edition, excluding Law Schools)  |d vLex Global (U.S. Academic Edition, Law Schools)  |d vLex Global (U.S. Academic Edition, excluding Law Schools)  |d vLex Global (Academic Edition, Law Schools) 
650 4 |a Herencias y sucesiones  |z Chile 
740 0 |a vLex Libros (Servicio en ln̕ea) 
830 0 |a Manuales jurd̕icos (Editorial jurd̕ica de Chile);  |v 51 
856 4 0 |u http://vlex.com/source/manual-sucesion-muerte-donaciones-vivos-5359  |z Acceso restringido 
942 |c BOOK